Uplatňovanie nových noriem potrby živín v kŕmnych zmesiach pre hydinu z hľadiska efektívnejšieho využitia krmív

Bibliographic Details
Main Author: Kočí, Štefan (Author)
Format: Article
Language:Slovak
Subjects:

MARC

LEADER 00000nab a2200000 a 4500
001 vtls000130017
003 SK-MaSNL
005 20260304031151.0
008 150420c1982 xo 0 slo
015 |a SNBRB19rr/mm-uuuuu 
035 |a CL0140123 
040 |a SNKBUCL  |b slo  |c SNKBUCL  |e AACR2 
041 0 |a slo 
044 |a xo  |c SK 
080 |a 636.08  |2 1981 
080 |a 636.5  |2 1981 
100 1 |a Kočí, Štefan  |4 aut  |9 279672 
245 1 0 |a Uplatňovanie nových noriem potrby živín v kŕmnych zmesiach pre hydinu z hľadiska efektívnejšieho využitia krmív  |c Štefan Koči 
650 0 7 |a hydina  |2 snkbucl  |9 2747 
650 0 7 |a krmivá  |2 snkbucl  |9 2812 
650 0 7 |a kŕmne zmesi  |2 snkbucl  |9 71250 
655 7 |a články z novín a časopisov  |2 snkbucl  |9 267496 
773 0 |t Hydinársky pokrok  |g Roč. 11, č. 1 (1982), s. 3-11 
850 |a Slovenská národná knižnica v Martine  |a MTA001 
852 |a SNK  |b KIS3GCP 
958 |a RK 
992 |a RBX 
999 |c 2636821  |d 2638751